Catálogo
 En Linea

La ruptura generacional : (Registro nro. 23980)

Detalles MARC
000 -CABECERA
campo de control de longitud fija 01428nam a2200289 a 4500
001 - NÚMERO DE CONTROL
campo de control 000024487
005 - FECHA Y HORA DE LA ÚLTIMA TRANSACCIÓN
campo de control 20250621074007.0
008 - DATOS DE LONGITUD FIJA--INFORMACIÓN GENERAL
campo de control de longitud fija 090709s2010 dr 000 0 spa d
020 ## - NÚMERO INTERNACIONAL ESTÁNDAR DEL LIBRO
Número Internacional Estándar del Libro 9789945003215
040 ## - FUENTE DE LA CATALOGACIÓN
Centro catalogador/agencia de origen DO-SdBNP
Lengua de catalogación spa
Centro/agencia transcriptor BNPHU
082 ## - NÚMERO DE LA CLASIFICACIÓN DECIMAL DEWEY
Número de clasificación 320.97293
Número de documento/Ítem M878r, 2010
100 1# - ENTRADA PRINCIPAL--NOMBRE DE PERSONA
Nombre de persona Morrison, Milton,
Fechas asociadas al nombre 1975-
9 (RLIN) 10874
245 13 - MENCIÓN DE TÍTULO
Título La ruptura generacional :
Resto del título hacia una renovación de la esperanza /
Mención de responsabilidad, etc. Milton Morrison ; prólogo Federico Jóvine Rijo.
250 ## - MENCIÓN DE EDICIÓN
Mención de edición 2ª ed.
260 ## - PUBLICACIÓN, DISTRIBUCIÓN, ETC.
Lugar de publicación, distribución, etc. Santo Domingo :
Nombre del editor, distribuidor, etc. Búho,
Fecha de publicación, distribución, etc. 2010.
300 ## - DESCRIPCIÓN FÍSICA
Extensión 126 p. ;
Dimensiones 23 cm.
500 ## - NOTA GENERAL
Nota general Incluye datos biográficos del autor en la solapa de la cubierta.
505 0# - NOTA DE CONTENIDO CON FORMATO
Nota de contenido con formato Prefacio /
Mención de responsabilidad Federico Jóvine Rijo --
Título Distorisión de la política --
-- Mal manejo de la economía --
-- Globalización e identidad cultural --
-- Debilitamiento del capital social --
-- Principios, valores y responsabilidad social --
-- Unidades y agentes de cambios --
-- Mi visión acerca de las soluciones --
-- La vía alterna como epílogo.
590 ## - NOTA LOCAL (RLIN)
Nota local Inventariado, 2018/LP
651 #0 - PUNTO DE ACCESO ADICIONAL DE MATERIA--NOMBRE GEOGRÁFICO
Nombre geográfico República Dominicana
Subdivisión general Política y gobierno
9 (RLIN) 45
651 #4 - PUNTO DE ACCESO ADICIONAL DE MATERIA--NOMBRE GEOGRÁFICO
Nombre geográfico República Dominicana
Subdivisión general Administración Pública
9 (RLIN) 657
651 #4 - PUNTO DE ACCESO ADICIONAL DE MATERIA--NOMBRE GEOGRÁFICO
Nombre geográfico República Dominicana
Subdivisión general Condiciones Económicas
9 (RLIN) 281
651 #4 - PUNTO DE ACCESO ADICIONAL DE MATERIA--NOMBRE GEOGRÁFICO
Nombre geográfico República Dominicana
Subdivisión general Condiciones Sociales
9 (RLIN) 46
650 #0 - PUNTO DE ACCESO ADICIONAL DE MATERIA--TÉRMINO DE MATERIA
Término de materia o nombre geográfico como elemento de entrada Globalización
9 (RLIN) 1524
700 1# - PUNTO DE ACCESO ADICIONAL--NOMBRE DE PERSONA
Nombre de persona Jóvine Rijo, Federico,
Término indicativo de función/relación pról.
9 (RLIN) 50187
910 ## - DATOS DE OPCIÓN DEL USUARIO (OCLC)
Datos de opción del usuario Validado. Control de calidad EMS.
Existencias
Estado de retiro Estado de pérdida Restricciones de uso No para préstamo Código de colección Localización permanente Ubicación/localización actual Ubicación en estantería Fecha de adquisición Número de inventario Total de préstamos Signatura topográfica completa Código de barras Fecha visto por última vez Número de copia Precio válido a partir de Tipo de ítem Koha Nota pública
        Dominicana de Servicio General General Depósito 28.01.2011 LF1   320.97293 M878r, 2010 24487-30 25.06.2020 e.3 25.06.2020 Libro y Folleto Colección Dominicana de Servicio  
        Dominicana de Servicio General General Depósito 15.04.2015 LF1   320.97293 M878r, 2010 24487-40 25.06.2020 e.4 25.06.2020 Libro y Folleto Colección Dominicana de Servicio Perteneció a la bibliorteca personal de Erick Landestoy.
        Dominicana de Servicio General General Depósito 30.05.2019 LF1   320.97293 M878r, 2010 24487-50 25.06.2020 e.5 25.06.2020 Libro y Folleto Colección Dominicana de Servicio Dedicado.
      Excluido de préstamo Patrimonio Dominicano Patrimonio Dominicano Patrimonio Dominicano Depósito 28.01.2011 LF1   320.97293 M878r, 2010 24487-10 25.06.2020   25.06.2020 Libro y Folleto Colección Patrimonio Dominicano  
      Excluido de préstamo Patrimonio Dominicano Patrimonio Dominicano Patrimonio Dominicano Depósito 28.01.2011 LF1   320.97293 M878r, 2010 24487-20 25.06.2020 e.2 25.06.2020 Libro y Folleto Colección Patrimonio Dominicano  

Con tecnología Koha